أساسيات علم الأحياء الدقيقة / (رقم التسجيلة. 111921)

تفاصيل مارك
000 -LEADER
fixed length control field 00661nam a22002057a 4500
005 - DATE AND TIME OF LATEST TRANSACTION
control field 20251108174539.0
008 - FIXED-LENGTH DATA ELEMENTS--GENERAL INFORMATION
fixed length control field 250721s2007 xx 000 0 ara d
082 14 - DEWEY DECIMAL CLASSIFICATION NUMBER
Classification number 576/أسا
100 1# - MAIN ENTRY--PERSONAL NAME
Personal name صلاحات، محمد عادل
245 10 - TITLE STATEMENT
Title أساسيات علم الأحياء الدقيقة /
264 1# - PRODUCTION, PUBLICATION, DISTRIBUTION, MANUFACTURE, AND COPYRIGHT NOTICE
Place of production, publication, distribution, manufacture عمان :
Name of producer, publisher, distributor, manufacturer دار تسنيم للنشر و التوزيع،
Date of production, publication, distribution, manufacture, or copyright notice 2007.
300 ## - PHYSICAL DESCRIPTION
Extent 216 ص.
650 17 - SUBJECT ADDED ENTRY--TOPICAL TERM
Topical term or geographic name as entry element علم الاحياا
650 17 - SUBJECT ADDED ENTRY--TOPICAL TERM
Topical term or geographic name as entry element علم احياا الكاانات الدقيقه
700 1# - ADDED ENTRY--PERSONAL NAME
Personal name عواد، سناء
700 1# - ADDED ENTRY--PERSONAL NAME
Personal name الشنوي، محمد
700 1# - ADDED ENTRY--PERSONAL NAME
Personal name الشناوي، هند
942 ## - ADDED ENTRY ELEMENTS (KOHA)
Source of classification or shelving scheme Dewey Decimal Classification
Koha item type كتب
المقتنيات
حالة السحب حالة الفقدان مصدر التصنيف حالة التلف غير قابل للإعارة المكتبة الرئيسية المكتبة الحالية موقع الرف تاريخ التزويد الرقم المتسلسل Total Checkouts رقم الإستدعاء الباركود تاريخ آخر ظهور تاريخ الفاتورة نوع المادة (كوها)
    Dewey Decimal Classification     المكتبة المركزية المكتبة المركزية مقتنيات قسم التزويد 28/07/2025 1179438   576/أسا 1179438 28/07/2025 28/07/2025 كتب
    Dewey Decimal Classification     المكتبة المركزية المكتبة المركزية الإعارة 11/05/2008 1179435   576/أسا PLD00009107 28/07/2025 11/05/2008 كتب
    Dewey Decimal Classification     المكتبة المركزية المكتبة المركزية مقتنيات قسم التزويد 28/07/2025 1606023   576/أسا   28/07/2025 28/07/2025 كتب
    Dewey Decimal Classification     مكتبة أبو علندا العامة مكتبة أبو علندا العامة الإعارة 11/05/2008 1179447   576/أسا PLD00009116 28/07/2025 11/05/2008 كتب
    Dewey Decimal Classification     مكتبة أم قصير والمقابلين العامة مكتبة أم قصير والمقابلين العامة الإعارة 11/05/2008 1179446   576/أسا PLD00009115 28/07/2025 11/05/2008 كتب
    Dewey Decimal Classification     مكتبة الأميرة ايمان العامة مكتبة الأميرة ايمان العامة الإعارة 11/05/2008 1179440   576/أسا PLD00009109 28/07/2025 11/05/2008 كتب
    Dewey Decimal Classification     مكتبة الاميرة بديعة مكتبة الاميرة بديعة الإعارة 11/05/2008 1179442   576/أسا PLD00009111 28/07/2025 11/05/2008 كتب
    Dewey Decimal Classification     مكتبة الجويدة مكتبة الجويدة الإعارة 11/05/2008 1179443   576/أسا PLD00009112 28/07/2025 11/05/2008 كتب
    Dewey Decimal Classification     مكتبة النصر العامة مكتبة النصر العامة الإعارة 11/05/2008 1179449   576/أسا PLD00009118 28/07/2025 11/05/2008 كتب
    Dewey Decimal Classification     مكتبة حمزة العامة مكتبة حمزة العامة الإعارة 11/05/2008 1179444   576/أسا PLD00009113 28/07/2025 11/05/2008 كتب
    Dewey Decimal Classification     مكتبة وادي السير العامة مكتبة وادي السير العامة الإعارة 11/05/2008 1179448   576/أسا PLD00009117 28/07/2025 11/05/2008 كتب
Implemented & Customized by: BBB with SCIT (Smart Chains for Information Technology)

Powered by Koha